| 000 -LEADER | |
|---|---|
| fixed length control field | 00462nam a22001817a 4500 |
| 005 - DATE AND TIME OF LATEST TRANSACTION | |
| control field | 20250415124445.0 |
| 008 - FIXED-LENGTH DATA ELEMENTS--GENERAL INFORMATION | |
| fixed length control field | 250411b |||||||| |||| 00| 0 eng d |
| 020 ## - INTERNATIONAL STANDARD BOOK NUMBER | |
| ISBN | 978-81-948330-6-2 |
| 041 ## - LANGUAGE CODE | |
| Language code of text/sound track or separate title | eng |
| 082 ## - DEWEY DECIMAL CLASSIFICATION NUMBER | |
| Classification number | 341.48 KAP-I |
| 100 ## - MAIN ENTRY--AUTHOR NAME | |
| Personal name | KAPOOR, DR.S.K |
| 245 ## - TITLE STATEMENT | |
| Title | INTERNATIONAL LAW AND HUMAN RIGHTS |
| 250 ## - EDITION STATEMENT | |
| Edition statement | 22ND ED. 2021 |
| 260 ## - PUBLICATION, DISTRIBUTION, ETC. (IMPRINT) | |
| Place of publication | PRAYAGRAJ |
| Name of publisher | CENTRAL LAW AGENCY |
| 300 ## - PHYSICAL DESCRIPTION | |
| Number of Pages | 982;P |
| 650 ## - SUBJECT ADDED ENTRY--TOPICAL TERM | |
| Topical Term | LEGAL STUDIES |
| 942 ## - ADDED ENTRY ELEMENTS (KOHA) | |
| Koha item type | Books |
| Lost status | Damaged status | Collection code | Home library | Current library | Shelving location | Date acquired | Source of acquisition | Cost, normal purchase price | Full call number | Accession Number | Koha item type |
|---|---|---|---|---|---|---|---|---|---|---|---|
| Reference | JRU Library | JRU Library | SHELF-1-C | 10/04/2025 | PURCHASE | 850.00 | 341.48 | 28662 | Books | ||
| LAW | JRU Library | JRU Library | SHELF-30-B | 10/04/2025 | PURCHASE | 850.00 | 341.48 | 28663 | Books | ||
| LAW | JRU Library | JRU Library | SHELF-30-B | 10/04/2025 | PURCHASE | 850.00 | 341.48 | 28664 | Books | ||
| LAW | JRU Library | JRU Library | SHELF-30-B | 10/04/2025 | PURCHASE | 850.00 | 341.48 | 28665 | Books | ||
| LAW | JRU Library | JRU Library | SHELF-30-B | 10/04/2025 | PURCHASE | 850.00 | 341.48 | 28666 | Books |